Burnout paradise, fear project origen, easy game development (Record no. 139296)
[ view plain ]
| 000 -LEADER | |
|---|---|
| fixed length control field | 00247nmm a2200085Ia 4500 |
| 008 - FIXED-LENGTH DATA ELEMENTS--GENERAL INFORMATION | |
| fixed length control field | 220120s9999||||xx |||||||||||||||||und|| |
| 100 ## - MAIN ENTRY--PERSONAL NAME | |
| Personal name | DIGIT-March-2009 (DVD) |
| 245 #0 - TITLE STATEMENT | |
| Title | Burnout paradise, fear project origen, easy game development |
| 260 ## - PUBLICATION, DISTRIBUTION, ETC. | |
| Date of publication, distribution, etc. | 2009 |
| Withdrawn status | Lost status | Damaged status | Not for loan | Home library | Current library | Date acquired | Barcode | Date last seen | Price effective from | Koha item type |
|---|---|---|---|---|---|---|---|---|---|---|
| Central Library | Central Library | 01/20/2022 | CD847 | 01/20/2022 | 01/20/2022 | Compact Disc |